Reforma del régimen societario argentino: propuesta inspirada en el modelo francés para empresarios individuales (Registro nro. 31165)
[ vista simple ]
| 000 -LEADER | |
|---|---|
| fixed length control field | 00414 a2200109 4500 |
| 001 - CONTROL NUMBER | |
| control field | ART_63687 |
| 005 - DATE AND TIME OF LATEST TRANSACTION | |
| control field | 20260410162000.0 |
| 008 - FIXED-LENGTH DATA ELEMENTS--GENERAL INFORMATION | |
| fixed length control field | 260409a |
| 100 1# - MAIN ENTRY--PERSONAL NAME | |
| Personal name | Arecha, Martín |
| 245 10 - TITLE STATEMENT | |
| Title | Reforma del régimen societario argentino: propuesta inspirada en el modelo francés para empresarios individuales |
| 773 0# - HOST ITEM ENTRY | |
| Title | Temas de derecho comercial |
| Related parts | - Año 11, N° 11/12 (nov./dic. 2025) |
| Record control number | REV28151 |
No hay ítems disponibles.